|
|
|
|
| LEADER |
00000nab a2200000 a 4500 |
| 001 |
vtls000847609 |
| 003 |
SK-MaSNL |
| 005 |
20260304120954.0 |
| 008 |
250429c2003 xo 0 slo |
| 015 |
|
|
|a SNBRB2003/10-27275
|
| 035 |
|
|
|a CLN000199264
|
| 035 |
|
|
|a urn:nbn:sk:snk-ab279d
|
| 035 |
|
|
|a (urnnbn)urn:nbn:sk:snk:ar-a01v7z
|
| 035 |
|
|
|a (uuid)2d0b3566-38eb-49fd-904c-438552c45edc
|
| 040 |
|
|
|a SNKBUCL
|b slo
|c SNKBUCL
|e AACR2
|
| 041 |
0 |
|
|a slo
|
| 044 |
|
|
|a xo
|c SK
|
| 080 |
|
|
|a 347.965(437.6)
|2 1997
|
| 100 |
1 |
|
|a Detval, Štefan
|4 aut
|9 1425451
|
| 245 |
1 |
0 |
|a Správa o činnosti Slovenskej advokátskej komory
|c Štefan Detval
|
| 610 |
2 |
7 |
|a Slovenská advokátska komora
|2 snkbucl
|9 32690
|
| 655 |
|
7 |
|a články z novín a časopisov
|2 snkbucl
|9 267496
|
| 773 |
0 |
|
|t Bulletin slovenskej advokácie
|g Č. 2 (2003), s. 8-15
|x 1335-1079
|
| 850 |
|
|
|a Slovenská národná knižnica
|
| 852 |
|
|
|a Slovenská národná knižnica
|
| 954 |
|
|
|a odborná, vedecká literatúra pôvodná (slovenská)
|2 lita
|
| 958 |
|
|
|a article2022
|
| 958 |
|
|
|a OND
|
| 958 |
|
|
|a EUIPO
|
| 992 |
|
|
|a RBX
|
| 999 |
|
|
|c 2882643
|d 2884573
|